Guess the Harry Potter Movies by Scene #47 - Statistics

General Stats
  • This quiz has been taken 106 times
  • The average score is 17 of 20
Answer Stats
Picture Answer % Correct
Order of the Phoenix
100%
Chamber of Secrets
96%
Order of the Phoenix
91%
Chamber of Secrets
87%
Deathly Hallows – Part 1
87%
Deathly Hallows – Part 1
87%
Deathly Hallows – Part 2
87%
Goblet of Fire
87%
Order of the Phoenix
87%
Order of the Phoenix
87%
Philosopher's Stone
87%
Prisoner of Azkaban
87%
Prisoner of Azkaban
87%
Chamber of Secrets
83%
Deathly Hallows – Part 1
83%
Deathly Hallows – Part 1
83%
Goblet of Fire
83%
Half-Blood Prince
83%
Half-Blood Prince
83%
Philosopher's Stone
83%
No matching quizzes found
Score Distribution
Percent of People with Each Score
Percentile by Number Answered
Your Score History
You have not taken this quiz